LEADER 01246nam a2200289 u 4500 001 000000092664 003 CaOOAMICUS 005 20070226124949.0 008 060719s2006 be u000 u fre u 020 $a2-503-52340-4 035 $a11095780 040 $aPUL$bita 100 1 $aBost, Hubert.$0(OLS)http://pul/name/59756 245 10$aPierre Bayle historien, critique et moraliste /$cHubert Bost. 260 $aTurnhout :$bBrepols,$cc2006. 300 $a279 p. ;$c24 cm 490 1 $aBibliothèque de l'Ecole des hautes études.$aSciences religieuses ;$vVol. 129 500 $aIndici: p. 257-274. 504 $aBibliografia: p. 247-255. 600 14$aBayle, Pierre,$d1647-1706.$0(OLS)http://pul/subject/5128 830 0$aBibliothèque de l'Ecole des hautes études.$pSciences religieuses ;$vVol. 129.$0(OLS)http://pul/title/13429 850 $aPUL 852 $aPUL$W1$xSL Religione 1$y3$m52 I 129$j116516$nBK-PRI$b $qStampati$B116516$CPULBib$Z2$F116516 $HPUL101937 $81 941 1 $a8 996 $6020$a2-503-52340-4$9(OLS)http://pul/number/121832 996 $6245$aPierre Bayle historien, critique et moraliste$9(OLS)http://pul/title/119577 996 $6260$aTurnhout :$bBrepols$9(OLS)http://pul/publisher/47850 LEADER 01720nam a2200325 u 4500 001 000000051520 003 CaOOAMICUS 005 20070226115339.0 008 000918s1991 it u000 u ita u 020 $a8834337352 035 $a10855860 040 $aPUL(R)$bita 111 2 $aConvegno di studio su Filippo Meda$d(1989 :$cMilano).$0(OLS)http://pul/name/37013 245 10$aFilippo Meda tra economia, società e politica :$brelazioni del convegno di studio (Milano, 14-15 dicembre 1989) /$cpromosso dall'Archivio per la storia del movimento sociale cattolico in Italia, con una bibliografia degli scritti di Filippo Meda ; a cura di Guido Formigoni ; contributi di: Mario Belardinelli ... [et al.]. 260 $aMilano :$bVita e pensiero,$c1991. 300 $a350 p. ;$c23 cm 490 1 $aLe Api 500 $aInclude indici. 504 $aBibliografia: p. [277]-342. 600 14$aMeda, Filippo,$c1869-1939.$0(OLS)http://pul/subject/21663 700 1 $aBelardinelli, Mario,$d1940-$0(OLS)http://pul/name/4268 700 1 $aFormigoni, Guido.$0(OLS)http://pul/name/145 710 2 $aArchivio per la storia del movimento sociale cattolico in Italia.$0(OLS)http://pul/name/37014 830 3$aLe Api.$0(OLS)http://pul/title/7487 850 $aPUL 852 $aPUL$W1$xDP1 Fondo Maccarrone$y58$m1523 G 26$j68217$nBK-PRI$b $qFondi$B68217$CPULBib$Z2$F68217 $H $81 941 1 $a1 996 $6020$a8834337352$9(OLS)http://pul/number/65191 996 $6245$aFilippo Meda tra economia, società e politica :$brelazioni del convegno di studio (Milano, 14-15 dicembre 1989)$9(OLS)http://pul/title/69231 996 $6260$aMilano :$bVita e pensiero$9(OLS)http://pul/publisher/48016